000
00225nam a22000857a 4500
008
160820b xxu||||| |||| 00| 0 eng d
100
_9
193
_a
Mishra N.K
245
_a
Science Biology-X
260
_a
New Delhi
_b
Bharati publication
_c
2009
999
_c
2851
_d
2851